151 Pokémon Challenge - Les deux premières lettres ! [FR] - Statistiques

Statistiques générales
  • Ce quiz a été pris 17 763 fois
  • Le résultat moyen est 115 sur 151
Statistiques - réponses
Hint Réponse % Correct
027 Sabelette
98%
028 Sablaireau
98%
004 Salamèche
98%
114 Saquedeneu
98%
001 Bulbizarre
97%
083 Canarticho
96%
058 Caninos
96%
008 Carabaffe
96%
007 Carapuce
96%
006 Dracaufeu
96%
148 Draco
96%
149 Dracolosse
96%
021 Piafabec
96%
025 Pikachu
96%
002 Herbizarre
95%
074 Racaillou
95%
045 Rafflesia
95%
026 Raichu
95%
079 Ramoloss
95%
022 Rapasdepic
95%
019 Rattata
95%
020 Rattatac
95%
005 Reptincel
95%
009 Tortank
95%
080 Flagadoss
94%
003 Florizarre
94%
036 Mélodelfe
94%
035 Mélofée
94%
132 Métamorph
94%
151 Mew
94%
150 Mewtwo
94%
024 Arbok
93%
059 Arcanin
93%
144 Artikodin
93%
012 Papilusion
92%
046 Paras
92%
047 Parasect
92%
039 Rondoudou
92%
143 Ronflex
92%
018 Roucarnage
92%
016 Roucool
92%
017 Roucoups
92%
052 Miaouss
91%
048 Mimitoss
91%
147 Minidraco
91%
010 Chenipan
90%
069 Chétiflor
90%
011 Chrysacier
90%
075 Gravalanch
89%
040 Grodoudou
89%
076 Grolem
89%
089 Grotadmorv
89%
066 Machoc
89%
067 Machopeur
89%
068 Mackogneur
89%
129 Magicarpe
89%
126 Magmar
89%
081 Magnéti
89%
082 Magnéton
89%
088 Tadmorv
89%
062 Tartard
89%
050 Taupiqueur
89%
128 Tauros
89%
023 Abo
88%
063 Abra
88%
014 Coconfort
88%
057 Colosinge
88%
015 Dardargnan
88%
146 Electhor
88%
101 Electrode
88%
125 Elektek
88%
013 Aspicot
87%
140 Kabuto
86%
141 Kabutops
86%
064 Kadabra
86%
115 Kangourex
86%
145 Sulfura
86%
135 Voltali
83%
100 Voltorbe
83%
065 Alakazam
82%
113 Leveinard
81%
130 Léviator
81%
053 Persian
81%
056 Férosinge
80%
038 Feunard
80%
118 Poissirène
80%
119 Poissoroy
80%
077 Ponyta
80%
137 Porygon
80%
134 Aquali
79%
070 Boustiflor
79%
072 Tentacool
79%
073 Tentacruel
79%
061 Têtarte
79%
051 Triopikeur
78%
133 Evoli
77%
136 Pyroli
77%
037 Goupix
74%
142 Ptéra
74%
060 Ptitard
74%
071 Empiflor
71%
078 Galopa
70%
034 Nidoking
70%
031 Nidoqueen
70%
029 Nidoran ♀
70%
032 Nidoran ♂
70%
030 Nidorina
70%
033 Nidorino
70%
049 Aéromite
68%
043 Mystherbe
68%
139 Amonistar
67%
138 Amonita
67%
044 Ortide
66%
092 Fantominus
63%
103 Noadkoko
63%
102 Noeunoeuf
63%
042 Nosferalto
63%
041 Nosferapti
63%
131 Lokhlass
60%
094 Ectoplasma
59%
124 Lippoutou
59%
093 Spectrum
57%
087 Lamantine
55%
096 Soporifik
52%
097 Hypnomade
49%
117 Hypocéan
49%
116 Hypotrempe
49%
085 Dodrio
48%
084 Doduo
48%
120 Stari
47%
121 Staross
47%
095 Onix
46%
055 Akwakwak
45%
106 Kicklee
45%
123 Insécateur
44%
091 Crustabri
43%
107 Tygnon
43%
086 Otaria
42%
054 Psykokwak
42%
090 Kokiyas
41%
109 Smogo
41%
110 Smogogo
41%
127 Scarabrute
34%
122 M. Mime
33%
111 Rhinocorne
33%
112 Rhinoféros
33%
108 Excelangue
32%
105 Ossatueur
31%
104 Osselait
31%
098 Krabby
30%
099 Kraboss
30%
Aucun quiz correspondant
Distribution des résultats
% des personnes avec chaque résultat
Percentile par nombre de réponses
Votre historique - résultats
Vous n’avez pas pris ce quiz